| 000 | 01121nam a22002057a 4500 | ||
|---|---|---|---|
| 003 | BD-DhUL | ||
| 005 | 20170227173042.0 | ||
| 008 | 170227b2002 B a|||| |||| 00| 0 B d | ||
| 040 |
_aBD-DhUL _cBD-DhUL |
||
| 082 |
_a324.22 _bAWE |
||
| 100 | 1 | _aআবদুল আউয়াল, মো. | |
| 245 | 0 | 0 |
_aএরশাদের শাসনামল: _bএকটি রাজনৈতিক বিশ্লেষণ _cমো. আবদুল আউয়াল, _h[অভিসন্দর্ভ এমফিল] |
| 260 |
_aঢাকা : _bঢাকা বিশ্ববিদ্যালয়, _c২০০২. |
||
| 300 |
_a[১৪] , ১৫৬ পৃ. : _bচিত্র ; _c২৯ সে. মি. |
||
| 500 | _aঅভিসন্দর্ভ (এম. ফিল.)-- রাষ্ট্রবিজ্ঞান বিভাগ, ঢাকা বিশ্ববিদ্যালয়, ২০০২। | ||
| 504 | _aগ্রন্থপঞ্জিগত তথ্য সংবলিত | ||
| 650 | 4 |
_aরাজনীতি _zবাংলাদেশ |
|
| 650 | 4 |
_aPolitics _zBangladesh |
|
| 942 |
_2ddc _cREF |
||
| 999 |
_c158577 _d158577 |
||